000
00309nam a22001337a 4500
020
_a
0-00-675201-2
082
_a
823
_b
BUR/I
100
_a
DAMON BURNARD
245
_a
IVANA THE INVENTOR
260
_a
UNITED KINGDOM
_b
COLLINS
_c
1996
300
_a
64
650
_a
CHILDREN'S STORY BOOK
_z
UNITED KINGDOM
942
_c
BK
999
_c
49
_d
49